000 00781nam a2200205Ii 4500
003 JO-AjNU
008 230605s9999||||xx |||||||||||||| ||und||
040 _aJO-AjNU
_bara
_erda
_cJO-AjNU
041 _aara
050 1 4 _aKRM4234.M87.1987
100 3 _aمصطفى، حسنى,
_eauthor
_935777
245 0 0 _aجرائم السرقة في ضوء القضاء والفقه
264 3 1 _aالاسكندرية : منشأة المعارف ، 1987
300 _a130ص
336 _atext
_btxt
_2rdacontent
337 _aunmediated
_bn
_2rdamedia
338 _avolume
_bnc
_2rdacarrier
490 0 _aسلسلة الكتب القانونية
650 4 _aجرائم السرقة -- السرقة -- قوانين وتشريعات -- مصر-- قانون العقوبات -- مصر
_935778
999 _aA14803
_c18371
_d18371